El régimen de Pinochet / (Record no. 66989)

MARC details
000 -LEADER
campo de control de longitud fija 00926nam a2200277 i 4500
001 - NÚMERO DE CONTROL
campo de control 66989
003 - IDENTIFICADOR DE NÚMERO DE CONTROL
campo de control ES-MaACL
005 - FECHA Y HORA DE LA ÚLTIMA TRANSACCIÓN
campo de control 20250910234423.0
007 - CAMPO FIJO DE DESCRIPCIÓN FÍSICA--INFORMACIÓN GENERAL
campo de control de longitud fija t|
008 - DATOS DE LONGITUD FIJA--INFORMACIÓN GENERAL
campo de control de longitud fija 040428s2002 cl ||||1| spa d
020 ## - NÚMERO INTERNACIONAL ESTÁNDAR DEL LIBRO
Número Internacional Estándar del Libro 956-262-126-X
080 ## - NÚMERO DE LA CLASIFICACIÓN DECIMAL UNIVERSAL
Número de la Clasificación Decimal Universal 983:941.0
100 1# - ENTRADA PRINCIPAL--NOMBRE DE PERSONA
Nombre de persona Huneeus, Carlos.
9 (RLIN) 64732
245 13 - MENCIÓN DEL TÍTULO
Título El régimen de Pinochet /
Mención de responsabilidad, etc. Carlos Huneeus ; [edición al cuidado de Jorgelina Martín].
250 ## - MENCION DE EDICION
Mención de edición 2ª ed.
260 ## - PUBLICACIÓN, DISTRIBUCIÓN, ETC.
Lugar de publicación, distribución, etc. Santiago de Chile :
Nombre del editor, distribuidor, etc. Editorial Sudamericana,
Fecha de publicación, distribución, etc. 2002.
300 ## - DESCRIPCIÓN FÍSICA
Extensión 670 p. :
Otras características físicas gráf. ;
Dimensiones 24.
490 1# - MENCIÓN DE SERIE
Mención de serie Crónicas y testimonios
504 ## - NOTA DE BIBLIOGRAFÍA, ETC.
Nota de bibliografía, etc. Bibliografía p. 643-664. Indice.
600 14 - PUNTO DE ACCESO ADICIONAL DE MATERIA--NOMBRE DE PERSONA
Nombre de persona Pinochet Ugarte, Augusto.
9 (RLIN) 92185
651 #4 - PUNTO DE ACCESO ADICIONAL DE MATERIA--NOMBRE GEOGRÁFICO
Nombre geográfico Chile-
Subdivisión general Política y gobierno-
Subdivisión cronológica 1973-1988.
9 (RLIN) 8045
700 1# - ENTRADA AGREGADA--NOMBRE PERSONAL
Nombre de persona Martín, Jorgelina.
9 (RLIN) 77319
830 0# - PUNTO DE ACCESO ADICIONAL DE SERIE-TÍTULO UNIFORME
Título uniforme Crónicas y testimonios (Editorial Sudamericana)
9 (RLIN) 230865
852 ## - LOCALIZACIÓN
Ubicación ES-MaACL
Número de control de estantería L-27468
Sublocalización o colección R.133200
Holdings
Estatus retirado Estado de pérdida Estado de daño No para préstamo Biblioteca de origen Biblioteca actual Ubicación en estantería Fecha de adquisición Fuente de adquisición Total de préstamos Signatura topográfica completa Código de barras Visto por última vez Precio de reemplazo Tipo de ítem Koha
        Biblioteca del Ateneo de Madrid Biblioteca del Ateneo de Madrid Depósito 2 17/01/2008     L-27468 1070161 23/02/2023 23/02/2023 Libro impreso